| 000 | 01089nam a22003017a 4500 | ||
|---|---|---|---|
| 003 | CHAP | ||
| 005 | 20220329140856.0 | ||
| 008 | 971013s1990 r 00010 d | ||
| 010 | _a59099 | ||
| 011 | _a60071 | ||
| 035 | _a64231 | ||
| 040 | _cCHAP | ||
| 090 | _aFolleto 14618 (1990) | ||
| 110 |
_aINIFAP. México. Campo Agrícola Experimental La Laguna _958739 |
||
| 245 | _aDía del forrajero (10o) : resúmenes | ||
| 260 |
_aMatamoros, Coah. : _bINIFAP. Campo Agrícola Experimental La Laguna, _c1990 |
||
| 300 | _a22 p. | ||
| 490 |
_aINIFAP. Campo Agrícola Experimental La Laguna. Publicación especial _v; 28 |
||
| 590 |
_aBATCH-UPD _b10 _c20130110 _lUCH01 _h2010 |
||
| 590 |
_aBATCH-UPD _b10 _c20130410 _lUCH01 _h1329 |
||
| 590 |
_aBATCH-UPD _b10 _c20130914 _lUCH01 _h1431 |
||
| 590 |
_aCONVERSION _b10 _c20130109 _lUCH01 _h1332 |
||
| 650 | 1 | 4 |
_aForrajes _xComarca Lagunera. _942562 |
| 830 | 0 |
_aINIFAP. Campo Agrícola Experimental La Laguna. Publicación especial _v; 28 _958643 |
|
| 901 | _aBK | ||
| 942 | _cFOLL | ||
| 949 |
_aFolleto 14618 (1990) _bBC _cFOLL _d-139930 _eTS1 _i64231 _si |
||
| 999 |
_c59099 _d59099 |
||